Culture Générale - Série 1836 - Statistiques

Statistiques générales
  • Ce quiz a été pris 141 fois
  • Le résultat moyen est 4 sur 10
Statistiques - réponses
Question Réponse % Correct
Cliché photographique de sa propre personne, généralement pris avec un téléphone portable . selfie
98%
Quel est le fruit de la ronce ? mûre
83%
Quelle est la plus grande des îles françaises métropolitaines après la Corse ? Oléron
59%
Dans quelle ville de la région Nouvelle-Aquitaine peut-on visiter "la corderie royale" ? Rochefort
38%
Quelle ville de Charente-Maritime possède d'importants vestiges romains, dont l'arc de Germanicus ? Saintes
24%
Quel nom porte également le noisetier ? coudrier
23%
Dans quel département français la Vienne prend-elle sa source ? Corrèze
20%
Au Moyen Âge,comment appelait-on également le "jugement de Dieu" ? Ordalie
19%
Dans quelle ville de la région Nouvelle-Aquitaine se trouve l'église romane "Notre-Dame-la-Grande " ? Poitiers
16%
Comment appelle-t-on le tonneau de très grande capacité, équivalent à plusieurs tonneaux et qui sert au stockage des alcools tels que le vin, le cognac ? foudre
15%
Aucun quiz correspondant
Distribution des résultats
% des personnes avec chaque résultat
Percentile par nombre de réponses
Votre historique - résultats
Vous n’avez pas pris ce quiz